| 000 | 01248pam a2200313 i 4500 | ||
|---|---|---|---|
| 001 | 016564883 | ||
| 003 | OSt | ||
| 005 | 20141019121348.0 | ||
| 008 | 131125t2014 xxkad frb 001 0 eng d | ||
| 020 | _a9781780329581 (hb) | ||
| 020 | _a9781780329574 (pb) | ||
| 040 |
_aStDuBDS _beng _cStDuBDS _dUk _dEG-ScBUE |
||
| 082 | 0 | 0 |
_a338.9009174927 _222 _bHEY |
| 100 | 1 |
_aHeydarian, Richard Javad _936258 |
|
| 245 | 1 | 0 |
_aHow capitalism failed the Arab world : _bthe economic roots and precarious future of Middle East uprisings / _cRichard Javad Heydarian ; [with a foreword by Walden Bello] |
| 260 |
_aLondon ; _aNew York, United States : _bZed Books, _cc.2014 |
||
| 300 |
_axii, 210 p. : _bcharts, tables ; _c22 cm. |
||
| 490 | 0 | _aEconomic Controversies | |
| 500 | _aIndex : p. 203-210. | ||
| 504 | _aBibliography : p. 190-202. | ||
| 650 | 0 |
_aArab Spring, 2010- _xEconomic aspects _936260 |
|
| 651 | 0 |
_aArab countries _xEconomic conditions _y21st century _936261 |
|
| 651 | 0 |
_aArab countries _xEconomic policy _936262 |
|
| 651 | 0 |
_aArab countries _xPolitics and government _936263 |
|
| 653 |
_bBUSBOL _cOctober2014 |
||
| 655 |
_vtext book _933728 |
||
| 700 | 1 |
_936259 _aBello, Walden F. _eauthor of introduction, etc. |
|
| 942 |
_2ddc _k338.9009174927 HEY |
||
| 999 |
_c18469 _d18441 |
||